000 00665nam a2200229Ia 4500
003 OSt
005 20221006165408.0
006 a|||||r|||| 00| 0
007 ta
008 221006b |||||||| |||| 00| 0 eng d
024 _a3,028
037 _cTextual
040 _aFML
_cFML
_beng
041 _2eng
_aeng
082 _aQ23wD85, 111N6 -; 3
100 _aShivapriya Usha Au.
_9679754
245 0 _aTrue History and Time of Manikkavasaghar for his Own Works
260 _aDelhi
_bThiruth - Thondu Veliajeedu
_c1996
300 _a189
_ccm.
942 _hQ23wD85, 111N6 -; 3
_cTEXL
_2CC
999 _c1120668
_d1120668